000 00313nam a2200121Ia 4500
008 240731s9999 xx 000 0 und d
022 _a2377-360X
245 0 _aCanadian Art Therapy Association Journal
260 _bRoutledge
856 _uhttps://www.tandfonline.com/loi/ucat20
942 _2ddc
942 _cTFEJ
999 _c75743
_d75743
945 _a1
_bMadushi Gamage
_c1
_dMadushi Gamage